Countries whose Third letter is 'A' - Statistics

General Stats
  • This quiz has been taken 412 times
  • The average score is 7 of 15
Answer Stats
Answer % Correct
Brazil
78%
France
72%
Spain
58%
Italy
56%
Iran
55%
Iraq
55%
Ghana
54%
Chad
52%
Thailand
49%
Oman
45%
Guatemala
39%
Rwanda
35%
Uganda
34%
Myanmar
29%
Swaziland
28%
No matching quizzes found
Score Distribution
Percent of People with Each Score
Percentile by Number Answered
Your Score History
You have not taken this quiz